| 000 | 00987nam a22002417a 4500 | ||
|---|---|---|---|
| 999 |
_c5651 _d5651 |
||
| 003 | AR-CdUCM | ||
| 008 | 190313b ||||| |||| 00| 0 spa d | ||
| 040 |
_aMUNICIPALIDAD PROVINCIAL DEL CUSCO _cBIBLIOTECA MUNICIPAL DEL CUSCO |
||
| 082 |
_a985.008 / _bS21 |
||
| 100 |
_aSánchez Albornoz, Nicolás _916871 |
||
| 245 | _aIndios y tributos en el Alto Perú / | ||
| 260 |
_aLima : _bInstituto de Estudios Peruanos, _c1978. |
||
| 300 |
_a224 paginas ; _c19.5 cm. |
||
| 440 |
_aHistoria andina _n6 _916872 |
||
| 505 | _aContradicción demográfica o disminución de la masa tributaria -- Una dicótoma indígena: originarios y forasteros -- Los indios a mediados del siglo XIX: regiones y clases -- El indio en el alto Perú a fines del siglo XVII ... | ||
| 650 |
_aDerecho indiano _97552 |
||
| 650 |
_aÉpoca colonial _91374 |
||
| 650 |
_aSiglo XIX. _9971 |
||
| 650 |
_aSociedades andinas _916873 |
||
| 710 |
_aInstituto de Estudios Peruanos _936 |
||
| 942 |
_2ddc _cLIBROS |
||
| 945 | _aacv | ||